American History Vol.2 (Record no. 704)

MARC details
000 -LEADER
fixed length control field 00610nam a2200253 a 4500
020 ## - INTERNATIONAL STANDARD BOOK NUMBER
ISBN
082 00 - DEWEY DECIMAL CLASSIFICATION NUMBER
Classification number 973
Author Cutter CUR
100 ## - MAIN ENTRY--AUTHOR NAME
Author name Curti, Merle
245 ## - TITLE STATEMENT
Title American History Vol.2
260 ## - PUBLICATION, DISTRIBUTION, ETC. (IMPRINT)
Place of publication New York
Name of publisher Harper and Row
Year of publication 1950
300 ## - PHYSICAL DESCRIPTION
Number of Pages 683p
500 ## - GENERAL NOTE
General note includes index and biblioraphy
505 2# - FORMATTED CONTENTS NOTE
Formatted contents note Index
650 ## - SUBJECT ADDED ENTRY--TOPICAL TERM
Topical Term United State of America-History
942 ## - ADDED ENTRY ELEMENTS (KOHA)
Koha item type Books
700 1# -
-- Richard H Shryock
700 1# -
-- Thomas C Cochran
Holdings
Collection code Home library Current library Date acquired Cost, normal purchase price Full call number Accession Number Koha item type
  Henry Martyn Institute Library Henry Martyn Institute Library 05/24/2005 0.00 973 CUR 02290 Books
                   Copyright © 2026 | Henry Martyn Institute | Hyderabad | TS-500052 | INDIA | Implemented by hmi.edu.in
Hit-Count:

Powered by Koha